Los tratados sobre educación de príncipes: siglos XVI y XVII
Salvato in:
| Autore principale: | |
|---|---|
| Natura: | Libro |
| Lingua: | spagnolo |
| Pubblicazione: |
Madrid
Instituto San José de Calasanz de Pedagogía
1948
|
| Soggetti: | |
| Tags: |
Aggiungi Tag
Nessun Tag, puoi essere il primo ad aggiungerne!!
|
MARC
| LEADER | 00000nam a2200000 a 4500 | ||
|---|---|---|---|
| 001 | UCU0512 | ||
| 003 | CL-VaPUC | ||
| 005 | 20240711162227.0 | ||
| 008 | 960322e19480000SP |||||||||||||||||spa|d | ||
| 999 | |c 245355 |d 245353 | ||
| 040 | |c Pontificia Universidad Católica de Valparaíso | ||
| 082 | 0 | 4 | |a 370.114 |b GAL |2 21 |
| 100 | |a Galino Carrillo, María Ángeles |e author |9 355933 | ||
| 245 | 1 | 4 | |a Los tratados sobre educación de príncipes: siglos XVI y XVII |
| 260 | |a Madrid |b Instituto San José de Calasanz de Pedagogía |c 1948 | ||
| 300 | |a 336 p | ||
| 583 | |a last modification |c 19960322 00:00:00 |k Rodrigo Vera | ||
| 600 | 0 | |a Tomás de Aquino |d 1220-1274 |c Santo |9 255832 | |
| 600 | 0 | |a Maquiavelo, Nicolás |d 1469-1527 |9 255701 | |
| 650 | 0 | |a Filosofía de la educación |9 258384 | |
| 650 | 0 | |a Conceptos morales |9 310606 | |
| 650 | 0 | |a Ética |9 255099 | |
| 650 | 0 | |a Virtud |9 315987 | |
| 942 | |c BK |2 ddc | ||
| 945 | |d 19960322 00:00:00 |a lriquelm | ||
| 952 | |0 0 |1 0 |4 0 |6 370_114000000000000_GAL_1948 |7 0 |8 P |9 259840 |a BIBEDU |b BIBEDU |c BIBEDU_PB |d 2019-11-19 |i 1636383 |o 370.114 GAL 1948 |p 1636383 |r 2024-01-25 |w 2019-11-19 |y BK |k EDU | ||